| 000 | 01501nam a2200217Ia 4500 | ||
|---|---|---|---|
| 003 | Ost | ||
| 005 | 20260507075724.0 | ||
| 008 | 260507s9999||||xx |||||||||||||| ||und|| | ||
| 040 | _cfsecg | ||
| 041 | _aara | ||
| 082 | _a526 | ||
| 100 |
_aابو راضي، فتحي عبد العزيز _eمؤلف |
||
| 245 | 0 |
_aخرائط التوزيعات البشرية ورسومها البيانية : _bدراسة تطبيقية لأساليب العرض الكارتوجرافي قواعد الرسم و مشاكل التنفيذ / _c فتحي عبد العزيز ابو راضي |
|
| 260 |
_aالاسكندرية: _bدار المعرفة الجامعية, _c2002 |
||
| 300 |
_a368 صفحة؛ _c24 سم |
||
| 520 | _aفي هذا الكتاب خرائط توزيعات السكان غير الكمية ، خرائط توزيعات السكان الكمية ، الرسوم البيانية والأشكال التوضيحية للبيانات والإحصاءات السكانية ، خرائط العمران الكمية والغير كمية ، الرسوم البيانية والأشكال التوضيحية لبيانات العمران ، خرائط التوزيعات الإقتصادية غير الكمية والكمية ، الرسوم البيانية والأشكال التوضيحية للبيانات التوزيعات الاقتصادية | ||
| 653 | _aالخرائط | ||
| 653 | _aالخرائط الاحصائية | ||
| 653 | _aتعداد السكان | ||
| 942 | _cكتاب | ||
| 999 |
_c45964 _d45964 |
||